|
|
|
|
| LEADER |
00000cam a2200000 7i4500 |
| 001 |
0000002163 |
| 005 |
20031204.0 |
| 020 |
0 |
0 |
|a 0792369319
|
| 090 |
0 |
0 |
|a 333.7509667
|b TRE 2001
|
| 100 |
1 |
0 |
|a TREUE
|h Thorsten
|
| 245 |
1 |
0 |
|a Politics and economics of tropical high forest management :
|b a case study of Ghana
|c by Thorsten Treue
|
| 260 |
0 |
0 |
|a Dordrecht ; Boston :
|b Kluwer Academic Pub. ,
|c 2001
|
| 300 |
|
|
|a xxvi, 212 p. :
|b ill., maps ;
|c 25 cm.
|
| 440 |
0 |
0 |
|a Forestry sciences ; v. 68
|
| 650 |
0 |
0 |
|a Forest management
|z Ghana
|
| 650 |
0 |
0 |
|a Forest policy
|z Ghana
|
| 650 |
0 |
0 |
|a Forests and forestry
|x Economic aspects
|z Ghana
|
| 998 |
|
|
|a JPSM
|
| 999 |
|
|
|a 0000003645
|b Monograph
|c Open Shelf
|e Default branch
|